书目信息 |
| 题名: |
美国科学家论近代科技
|
|
| 作者: | 凯福尔斯 著 ;范岱年 , 孟长麟 译 | |
| 分册: | ||
| 出版信息: | 北京 科学普及出版社 1987 |
|
| 页数: | 361页 | |
| 开本: | 20cm | |
| 丛书名: | ||
| 单 册: | ||
| 中图分类: | N171.2 | |
| 科图分类: | ||
| 主题词: | 科学技术--动态--世界--近代 , 自然科学--现状 , 自然科学--概况 | |
| 电子资源: | ||
| ISBN: | ||
| 000 | 01067nam0 2200301 45 | |
| 001 | 0187007782 | |
| 005 | 20040517102233.7 | |
| 010 | @dCNY2.10 | |
| 091 | @a13051.1301 | |
| 100 | @a19900808d1987 emky0chiy0121 ea | |
| 101 | 1 | @achi@ceng |
| 102 | @aCN@b110000 | |
| 105 | @ay z 000yy | |
| 106 | @ar | |
| 200 | 10 | @a美国科学家论近代科技@Amei guo ke xue jia lun jin dai ke ji@e《科学》杂志创刊百周年纪念专刊选译@E《Ke Xue》Za Zhi Chuang Kan Bai Zhou Nian Ji Nian Zhuan Kan Xuan Yi@f(美)凯福尔斯等著@g范岱年, 孟长麟译 |
| 210 | @a北京@c科学普及出版社@d1987 | |
| 215 | @a361页@d20cm | |
| 517 | @a《科学》杂志创刊百周年纪念专刊选译@A《Ke Xue》Za Zhi Chuang Kan Bai Zhou Nian Ji Nian Zhuan Kan Xuan Yi | |
| 606 | @a科学技术@x动态@y世界@z近代 | |
| 606 | 0 | @a自然科学@x现状 |
| 606 | 0 | @a自然科学@x概况 |
| 690 | @aN171.2 | |
| 701 | 1 | @a凯福尔斯@Akai fu er si@bD.J.@4著 |
| 702 | 0 | @a范岱年@Afan dai nian@4译 |
| 702 | 0 | @a孟长麟@Ameng chang lin@4译 |
| 801 | 0 | @aCN@b深圳图书馆@c20040517 |
| 801 | 2 | @aCN@bNLC@c20040517 |
| 905 | @f2@b203478-479@dN171.2@e35 | |
| 美国科学家论近代科技:《科学》杂志创刊百周年纪念专刊选译/(美)凯福尔斯等著/范岱年, 孟长麟译.-北京:科学普及出版社,1987 |
| 361页;20cm |
| ISBN :CNY2.10 |
| ● |
| 相关链接 |
|
|
|
|
正题名:美国科学家论近代科技
索取号:N171.2/35
 
预约/预借
| 序号 | 登录号 | 条形码 | 馆藏地/架位号 | 状态 | 备注 |
| 1 | 0203478 | 000565748 | 第三借阅区/ [索取号:N171.2/35] | 在馆 | |
| 2 | 0203479 | 000565757 | 第三借阅区/ [索取号:N171.2/35] | 在馆 | |
| 3 | 0203480 | 000565766 | 第二样本阅览室/ [索取号:N171.2/35] | 在馆 |